Catálogo

Ripper : (Registro nro. 40964)

Detalles MARC
000 -LEADER
fixed length control field 01353cam a2200373 i 4500
001 - CONTROL NUMBER
control field 40964
003 - CONTROL NUMBER IDENTIFIER
control field Mx-PuUPA
005 - DATE AND TIME OF LATEST TRANSACTION
control field 20240410103819.0
008 - FIXED-LENGTH DATA ELEMENTS--GENERAL INFORMATION
fixed length control field 140415s2014 nyu gr 001 0 eng d
020 ## - INTERNATIONAL STANDARD BOOK NUMBER
International Standard Book Number 9780062291400
Qualifying information empastado
040 ## - CATALOGING SOURCE
Original cataloging agency MX-PuUPA
Language of cataloging spa
Description conventions rda
Transcribing agency Mx-PuUPA
Modifying agency Mx-PuUPA
041 1# - LANGUAGE CODE
Language code of text/sound track or separate title eng
Language code of original spa
100 1# - MAIN ENTRY--PERSONAL NAME
Personal name Allende, Isabel
Dates associated with a name 1942-
Relator term autor
9 (RLIN) 7381
240 13 - UNIFORM TITLE
Uniform title El Juejo de Ripper.
Language of a work Inglés
245 10 - TITLE STATEMENT
Title Ripper :
Remainder of title a novel /
Statement of responsibility, etc. Isabel Allende ; translated from the spanish by Ollie Brock and Frank Wynne
246 18 - VARYING FORM OF TITLE
Title proper/short title Ripper
250 ## - EDITION STATEMENT
Edition statement First edition
264 #1 - PRODUCTION, PUBLICATION, DISTRIBUTION, MANUFACTURE, AND COPYRIGHT NOTICE
Place of production, publication, distribution, manufacture New York, NY :
Name of producer, publisher, distributor, manufacturer HarperCollins Publishers,
Date of production, publication, distribution, manufacture, or copyright notice [2014]
300 ## - PHYSICAL DESCRIPTION
Extent 475 páginas ;
Dimensions 24 cm.
336 ## - CONTENT TYPE
Content type term texto
Fuente rdacontent
Content type code txt
337 ## - MEDIA TYPE
Media type term sin medio
Source rdamedia
Media type code n
338 ## - CARRIER TYPE
Carrier type term volumen
Source rdacarrier
Carrier type code nc
650 #4 - SUBJECT ADDED ENTRY--TOPICAL TERM
Topical term or geographic name entry element Adolescenes
General subdivision Novelas, noticias, etc.
650 #4 - SUBJECT ADDED ENTRY--TOPICAL TERM
Topical term or geographic name entry element Juegos por internet
General subdivision Novela, noticias, etc.
650 #4 - SUBJECT ADDED ENTRY--TOPICAL TERM
Topical term or geographic name entry element Asesinos en serie
Geographic subdivision California San Francisco
General subdivision Novelas, noticias, etc.
700 1# - ADDED ENTRY--PERSONAL NAME
Personal name Brock, Ollie,
Relator term traductor
700 1# - ADDED ENTRY--PERSONAL NAME
Personal name Wynne, Frank,
Relator term traductor
765 08 - ORIGINAL LANGUAGE ENTRY
Main entry heading Allende, Isabel, 1942.
Title El juego de Ripper.
International Standard Book Number 9781101910535
942 ## - ADDED ENTRY ELEMENTS (KOHA)
Source of classification or shelving scheme Dewey Decimal Classification
Koha item type Libro
Classification part 863.71
Item part A43513
Existencias
Withdrawn status Lost status Source of classification or shelving scheme Damaged status Not for loan Collection code Home library Current library Shelving location Date acquired Source of acquisition Total Checkouts Total Renewals Full call number Barcode Date last seen Date last checked out Price effective from Koha item type
    Dewey Decimal Classification     General Biblioteca Karol Wojtyla Biblioteca Karol Wojtyla Sala general 28/05/2018 Compra 2 1 863.71 A43513 2014 61785 05/01/2026 11/06/2019 28/05/2018 Libro